I sei paesi più vicini: gli Stati Uniti - Statistics

Statistiche generali
  • Questo quiz è stato fatto 66 volte
  • Il punteggio medio è 4 su 6
Statistiche sulle risposte
km paese % Corretto
0 Canada
100%
0 Messico
96%
153 Cuba
69%
83 Bahamas
56%
4 Russia
51%
758 Giamaica
22%
Nessun quiz corrispondente trovato
Distribuzione punteggi
Percentuale di utenti per punteggio
Percentile per numero di risposta
I tuoi punteggi nel tempo
Non hai fatto questo quiz